Biología, ciclo de vida y control de la chepica o pasto bermuda

Gorde:
Xehetasun bibliografikoak
Erakunde egilea: CORFO (Egilea)
Formatua: Liburua
Hizkuntza:gaztelania
Argitaratua: Santiago Pontificia Universidad Católica de Chile 1900
Gaiak:
Etiketak: Etiketa erantsi
Etiketarik gabe, Izan zaitez lehena erregistro honi etiketa jartzen!

MARC

LEADER 00000nam a2200000 a 4500
001 UCR5476
003 CL-VaPUC
008 980327e19000000CL |||||||||||||||||spa|d
082 0 4 |a 632.5  |b COR  |2 21 
110 2 |a CORFO  |e author  |9 406435 
245 1 0 |a Biología, ciclo de vida y control de la chepica o pasto bermuda 
300 |a 10 p 
942 |c BK 
945 |d 19980327 00:00:00  |a rleighto 
260 |a Santiago  |b Pontificia Universidad Católica de Chile  |c 1900 
650 0 |a Control de malezas  |9 259684 
650 0 |a Cultivos  |9 264356 
650 7 |a MALEZA  |2 CL-VaPUC  |9 358446 
650 7 |a PASTO BERMUDA  |2 CL-VaPUC  |9 406436 
650 0 |a Plagas agrícolas   |9 264238 
583 |a last modification  |c 19980327 00:00:00  |k Rodrigo Vera 
999 |c 268069  |d 268067